|
|
|
|
| LEADER |
00000nab a2200000uu 4500 |
| 001 |
vtls011500952 |
| 003 |
SK-MaSNL |
| 005 |
20260303155039.0 |
| 008 |
230222|2014 xo |||||||||||||||||eng| |
| 015 |
|
|
|a SNBRB
|
| 035 |
|
|
|a (urnnbn)urn:nbn:sk:snk:ar-a0afvn
|
| 035 |
|
|
|a (uuid)5635e7d9-ead9-45d3-b4e5-a937c286383b
|
| 035 |
|
|
|a urn:nbn:sk:snk-abdver
|
| 040 |
|
|
|a SNKBUCL
|b slo
|c SNKBUCL
|e AACR2
|
| 041 |
0 |
|
|a eng
|
| 044 |
|
|
|a xo
|c SK
|
| 100 |
1 |
|
|a Konopasek, B.
|4 aut
|9 1178247
|
| 245 |
1 |
0 |
|a Cellular and humoral immunodeficiency in breast cancer patients resistant to hormone therapy
|c B. Konopasek, E. Zavadova, J. Spacek, L. Petruzelka, M. Vocka, T. Fucikova
|
| 700 |
1 |
|
|a Zavadova, E.
|4 aut
|9 1178248
|
| 700 |
1 |
|
|a Spacek, J.
|4 aut
|9 550341
|
| 700 |
1 |
|
|a Petruzelka, L.
|4 aut
|9 1133633
|
| 700 |
1 |
|
|a Vocka, M.
|4 aut
|9 1178249
|
| 700 |
1 |
|
|a Fucikova, T.
|4 aut
|9 1120004
|
| 773 |
0 |
|
|t Neoplasma : journal of experimental and clinical oncology
|g Roč. 61, č. 1 (2014), s. 90-98
|
| 958 |
|
|
|a OND
|
| 958 |
|
|
|a EUIPO
|
| 958 |
|
|
|a article20
|
| 999 |
|
|
|c 2038388
|d 2040318
|